Prigioniera Di Un Paradiso

Guardat en:
Dades bibliogràfiques
Autor principal: Violet Winspear
Format: Llibre
Idioma:idioma desconegut
Publicat: Mondardatori
Etiquetes: Afegir etiqueta
Sense etiquetes, Sigues el primer a etiquetar aquest registre!

MARC

LEADER 00000nam a2200000Ia 4500
001 R-1911
003 CODICE-MESSINA
005 20260212102524.0
008 260211s9999 xx 000 0 und d
040 |c importazione_messina 
100 |a Violet Winspear 
245 0 |a Prigioniera Di Un Paradiso 
260 |b Mondardatori 
942 |2 ddc  |c BK 
952 |0 0  |1 0  |2 ddc  |4 0  |6 SCAFFALE_19_000000000000000__STANZA_2__ROMANZI  |7 0  |9 32752  |a ME  |b ME  |d 2026-02-11  |l 0  |o SCAFFALE 19 - STANZA 2 - ROMANZI  |p R-1911  |r 2026-02-11 23:53:22  |w 2026-02-11  |x [REVISIONARE]  |y BK 
999 |c 28419  |d 28419